000 00556nam a22001577a 4500
020 _a9780702073328
082 _a611
_bABR
100 _aAbrahams, Peter H.; Loukas, Marios; Spratt, Jonathan D.; Van Schoor, Albert-Neels
_9114133
245 _aAbrahams' and McMinn's Clinical Atlas of Human Anatomy /
_cPeter H. Abrahams; Marios Loukas; Jonathan D. Spratt; Albert-Neels Van Schoor
250 _a8th Edition.
260 _aPoland :
_bElsevier,
_c2020.
300 _a393 p. ;
_bill,
_c28 cm.
563 _aPBK.
650 _aHuman anatomy
942 _2ddc
_cBK
999 _c595521
_d595521